Negotiations on the rules on regional trade agreements and the European Union
Rastúci význam regionálnych obchodných dohôd v medzinárodných obchodných vzťahoch. Rozvoj multilaterálnych pravidiel v rámci regionálnych obchodných dohôd. Podmienky vzťahujúce sa na regionálne obchodné dohody. Ujasnenie pravidiel Svetovej obchodnej organizácie o regionálnych obchodných dohodách. GA...
Saved in:
| Main Author: | |
|---|---|
| Format: | Book Chapter |
| Language: | English |
| Subjects: | |
| Tags: |
No Tags, Be the first to tag this record!
|
MARC
| LEADER | 00000naa a2200000 4500 | ||
|---|---|---|---|
| 001 | 0143322 | ||
| 005 | 20231120133024.8 | ||
| 041 | 0 | |a eng | |
| 044 | |a SK | ||
| 245 | 1 | 0 | |a Negotiations on the rules on regional trade agreements and the European Union |c Radoslav Jusko |
| 520 | |a Rastúci význam regionálnych obchodných dohôd v medzinárodných obchodných vzťahoch. Rozvoj multilaterálnych pravidiel v rámci regionálnych obchodných dohôd. Podmienky vzťahujúce sa na regionálne obchodné dohody. Ujasnenie pravidiel Svetovej obchodnej organizácie o regionálnych obchodných dohodách. GATT, GATS. | ||
| 610 | 2 | 0 | |a dohody obchodné medzinárodné |
| 610 | 2 | 0 | |a Všeobecná dohoda o clách a obchode |
| 610 | 2 | 0 | |a Svetová obchodná organizácia |
| 610 | 2 | 0 | |a Európska únia |
| 100 | 1 | |a Jusko, Radoslav | |